Refined by fire : (Record no. 6998)

MARC details
000 -LEADER
fixed length control field 01471pam a22003254a 4500
001 - CONTROL NUMBER
control field 54081512
003 - CONTROL NUMBER IDENTIFIER
control field OCoLC
005 - DATE AND TIME OF LATEST TRANSACTION
control field 20190122120015.0
008 - FIXED-LENGTH DATA ELEMENTS--GENERAL INFORMATION
fixed length control field 040123s2004 ilua b 000 0ceng
010 ## - LIBRARY OF CONGRESS CONTROL NUMBER
LC control number 2004001579
020 ## - INTERNATIONAL STANDARD BOOK NUMBER
International Standard Book Number 0842386033
040 ## - CATALOGING SOURCE
Original cataloging agency DLC
Transcribing agency DLC
Modifying agency CIN
042 ## - AUTHENTICATION CODE
Authentication code pcc
043 ## - GEOGRAPHIC AREA CODE
Geographic area code n-us---
050 00 - LIBRARY OF CONGRESS CALL NUMBER
Classification number BR1700.3
Item number .B57 2004
082 00 - DEWEY DECIMAL CLASSIFICATION NUMBER
Classification number 277.3
Edition number 22
Item number B849R
100 1# - MAIN ENTRY--PERSONAL NAME
Personal name Birdwell, Brian
245 10 - TITLE STATEMENT
Title Refined by fire :
Remainder of title a family's triumph of love and faith : a soldier's story of 9-11 /
Statement of responsibility, etc. Brian Birdwell & Mel Birdwell with Ginger Kolbaba
260 ## - PUBLICATION, DISTRIBUTION, ETC.
Place of publication, distribution, etc. Wheaton, Ill. :
Name of publisher, distributor, etc. Tyndale House Publishers,
Date of publication, distribution, etc. c2004
300 ## - PHYSICAL DESCRIPTION
Extent xv, 227 p. :
Other physical details ill. ;
Dimensions 21 cm
504 ## - BIBLIOGRAPHY, ETC. NOTE
Bibliography, etc. note Includes bibliographical references (p. [221])
505 0# - FORMATTED CONTENTS NOTE
Formatted contents note Introduction: A day we'll never forget -- Death blow -- Road to survival -- The lone casualty at Georgetown -- The transfer -- The day after -- No rest for the weary -- Unconsciousness is bliss -- What happened? -- Aftereffects -- Previous pain -- Tough questions -- Pressing on -- Moving to step-down -- Waiting on God -- Going home -- The media -- Learning through the pain -- Going back -- Reaching out -- Where was God? -- Looking ahead
600 10 - SUBJECT ADDED ENTRY--PERSONAL NAME
Personal name Birdwell, Brian
600 10 - SUBJECT ADDED ENTRY--PERSONAL NAME
Personal name Birdwell, Mel
650 #0 - SUBJECT ADDED ENTRY--TOPICAL TERM
Topical term or geographic name entry element Christian biography
Geographic subdivision United States
650 #0 - SUBJECT ADDED ENTRY--TOPICAL TERM
Topical term or geographic name entry element September 11 Terrorist Attacks, 2001
General subdivision Religious aspects
-- Christianity
700 1# - ADDED ENTRY--PERSONAL NAME
Personal name Birdwell, Mel
700 1# - ADDED ENTRY--PERSONAL NAME
Personal name Kolbaba, Ginger
942 ## - ADDED ENTRY ELEMENTS (KOHA)
Source of classification or shelving scheme Dewey Decimal Classification
Koha item type Books
Holdings
Withdrawn status Lost status Source of classification or shelving scheme Damaged status Not for loan Collection code Home library Current library Shelving location Date acquired Cost, normal purchase price Total Checkouts Full call number Barcode Date last seen Price effective from Koha item type
    Dewey Decimal Classification     Non-fiction Harvest Mission College Harvest Mission College General Stacks 22.01.2019 1350.00   277.3 B849R 007851 22.01.2019 22.01.2019 Books

OPAC Designed and Maintained by HMC Library Team.
Copyright © HMC Library,Greater Noida, UP.
For any Suggestions/Query Contact library via Email:libhmc@gmail.com